000 00770nam a2200241Ia 4500
003 OSt
005 20220927105208.0
006 a|||||r|||| 00| 0
007 ta
008 220926b |||||||| |||| 00| 0 eng d
024 _a159453
037 _cReference Collections
040 _aRTL
_cRTL
_beng
041 _2eng
_aeng
082 _a"X71 m271,N37.N58, J8"
110 _aORRISA (Government of-) Department of Finance
_9370798
245 0 _a"Civil budget estimates for 1958-59. Govt of orrisa, deptt of finance"
260 _aCuttack
_bGovt. Press
_c1958
300 _a1030p
_ccm.
700 _aORRISA (Government of-) Department of Finance
_9370799
942 _h"X71 m271,N37.N58, J8"
_cCC
999 _c691090
_d691090